000 00454nam a2200193Ia 4500
003 OSt
005 20251118145300.0
008 250729s1985 xx 000 0 und d
020 _a978-93-90357-25-3
040 _cAL
041 _aeng
082 _a370 DSOS
100 _aD'Souza A F
_9224495
245 _aSummary of the challenge of education
260 _aMangalore
_c1985
300 _a46p
650 _aEducation
_9224496
942 _2ddc
_cBED
999 _c236438
_d236438